000 01290nam a2200289Ia 4500
005 20211112075239.0
008 130821s1998 sp gr spa
020 _a84 7426 379 4
040 _aCo-BoUCM
_bspa
_c[Nuevo]
_dAldemar Mondragón
041 0 0 _aspa
111 2 _aSimposio contra la impunidad y en defensa de los derechos humanos
_d(24-25-26 de Octubre 1997
_cBarcelona)
_950915
245 1 0 _aContra la impunidad Simposio contra la impunidad y en defensa de los derechos humanos
_cPlataforma Argentina contra la impunidad, editor
246 1 3 _aContra la impunidad
_ben defensa de los derechos humanos
260 _aBarcelona (España)
_bIcaria editorial
_c1998
300 _axv, 304 páginas
500 _aIncluye índice.
650 7 _aDerechos humanos
_zArgentina
_vCongresos, conferencias, etc.
_97499
650 7 _aImpunidad
_zArgentina
_vCongresos, conferencias, etc.
_917255
650 7 _aSociología
_9386
650 7 _aViolencia
_9422
650 7 _aViolencia
_zArgentina
_vCongresos, conferencias, etc.
_9422
651 4 _aArgentina
_vAspectos sociales
_vCongresos, conferencias, etc.
_9442
690 _aViolencia
_9422
710 1 _aPlataforma Argentina contra la impunidad
_950916
942 _cLIBRO
_2DEWEY
_a5
_e1
_h303.6
_mS612c
999 _c75068
_d75068